Legacy of elegance: (Record no. 194489)

MARC details
000 -LEADER
fixed length control field 00537nam a22001937a 4500
005 - DATE AND TIME OF LATEST TRANSACTION
control field 20221223151253.0
010 ## - LCCN (DPL NO)
LC control number ENG-135930
020 ## - INTERNATIONAL STANDARD BOOK NUMBER
International Standard Book Number 9788192949321
Terms of availability 300.00
035 ## - SYSTEM CONTROL NUMBER
System control number EN-119462
037 ## - SOURCE OF ACQUISITION
Source of stock number/acquisition DBAD/PUB
082 ## - DEWEY DECIMAL CLASSIFICATION NUMBER
Classification number 881
100 ## - MAIN ENTRY--PERSONAL NAME
Personal name Manjit Singh
245 ## - TITLE STATEMENT
Title Legacy of elegance:
Remainder of title A tribute to a lady/
Statement of responsibility, etc by Manjit Singh
260 ## - PUBLICATION, DISTRIBUTION, ETC. (IMPRINT)
Place of publication, distribution, etc New Delhi
Name of publisher, distributor, etc Mehram Publications Pvt. Ltd.
Date of publication, distribution, etc 2015
270 ## - ADDRESS
City New Delhi
300 ## - PHYSICAL DESCRIPTION
Extent 107p.
Dimensions 22cm(hbk)
700 ## - ADDED ENTRY--PERSONAL NAME
Personal name Murty, NS
Relator term Author
942 ## - ADDED ENTRY ELEMENTS (KOHA)
Source of classification or shelving scheme Dewey Decimal Classification
Item type English Books
Call number suffix MAN
Classification part 881
Holdings
Withdrawn status Lost status Not for loan Collection code Home library Current library Date acquired Source of acquisition Cost, normal purchase price Full call number Barcode Copy number Cost, replacement price Koha item type
      Non-fiction Kasturba Gandhi Marg Kasturba Gandhi Marg 23/12/2022 DBAD/PUB 300.00 881 MAN EN-119462 1 300.00 English Books

© Delhi Public Library
Hit Counter
free hit counter